000 00517nam a2200193Ia 4500
005 20250326144849.0
008 250326s9999 xx 000 0 und d
020 _a81-89410-00-8
037 _aTextbook
040 _aFMSL
_beng
_cFMSL
041 _aeng
_2eng
084 _aX:8y7 P5;1
_qFMSL
100 _aICFAI
245 0 _aCase studies in operations management
_cICFAI
260 _aHuderabad
_bHuderabad, ICFAI
_c2005
300 _a320p
942 _cTB
_hX:8y7 P5;1
999 _c1305365
_d1305365